| 000 | 00953nam a2200241 i 4500 | ||
|---|---|---|---|
| 001 | 185424 | ||
| 003 | SpMaBN | ||
| 005 | 20251014063300.0 | ||
| 008 | 160601s1997 sp f |||| |dspa d | ||
| 020 | _a84-339-0540-6 | ||
| 080 | _a821.111-32"19" | ||
| 100 | 1 |
_aSacks, Oliver, _d1933-2015 _9158681 |
|
| 245 | 1 | 3 |
_aUn antropólogo en Marte _b: siete relatos paradójicos / _cOliver Sacks ; traducción de Damián Alou. |
| 260 |
_aBarcelona : _bAnagrama, _c[1997] |
||
| 300 |
_a404 p., [16] p. de lám. col. y n. ; _c22 cm. |
||
| 490 | 1 |
_aArgumentos ; _v190 |
|
| 504 | _aBibliografía: p. 373-386. | ||
| 505 | 8 |
_aContiene: ; _tEl caso del pintor ciego al color ; _tEl último hippie ; _tVida de un cirujano ; _tVer y no ver ; _tEl paisaje de sus sueños ; _tProdigios |
|
| 700 | 1 |
_aAlou, Damián. _920453 |
|
| 830 | 0 |
_aArgumentos ; _v190 _9178418 |
|
| 852 |
_aES-MaACL _jL-30311 _z. - Donat. Miguel A. Velasco |
||
| 999 |
_c185424 _d185424 |
||